Manuel de bibliographie générale (Record no. 165737)

MARC details
000 -LEADER
campo de control de longitud fija 00726nam a2200205 i 4500
001 - NÚMERO DE CONTROL
campo de control 165737
003 - IDENTIFICADOR DE NÚMERO DE CONTROL
campo de control ES-MaACL
005 - FECHA Y HORA DE LA ÚLTIMA TRANSACCIÓN
campo de control 20230906213210.0
008 - DATOS DE LONGITUD FIJA--INFORMACIÓN GENERAL
campo de control de longitud fija 991209s1897 fr |||| | fre d
040 ## - FUENTE DE CATALOGACIÓN
Centro catalogador/agencia de origen M-RAJU
Lengua de catalogación spa
Centro/agencia transcriptor M-RAJU
Centro/agencia modificador CCPB | B
100 1# - ENTRADA PRINCIPAL--NOMBRE DE PERSONA
Nombre de persona Stein, Henri.
9 (RLIN) 108031
245 10 - MENCIÓN DEL TÍTULO
Título Manuel de bibliographie générale
Resto del título : (Bibliotheca Bibliographica Nova) /
Mención de responsabilidad, etc. par Henri Stein.
260 ## - PUBLICACIÓN, DISTRIBUCIÓN, ETC.
Lugar de publicación, distribución, etc. Paris :
Nombre del editor, distribuidor, etc. Alphonse Picard et Fils,
Fecha de publicación, distribución, etc. 1897.
300 ## - DESCRIPCIÓN FÍSICA
Extensión XX, 895 p. ;
Dimensiones 24 cm.
490 1# - MENCIÓN DE SERIE
Mención de serie Manuels de bibliographie historique ;
Designación de volumen o secuencia 2
650 #4 - PUNTO DE ACCESO ADICIONAL DE MATERIA--TÉRMINO DE MATERIA
Término de materia o nombre geográfico como elemento de entrada Bibliografías universales.
9 (RLIN) 147141
830 0# - PUNTO DE ACCESO ADICIONAL DE SERIE-TÍTULO UNIFORME
Título uniforme Manuels de bibliographie historique ;
Designación de volumen o secuencia 2
9 (RLIN) 222489
852 ## - LOCALIZACIÓN
Ubicación ES-MaACL
Número de control de estantería B-4448
Nota libre -- Enc. hol.
Holdings
Estatus retirado Estado de pérdida Fuente del sistema de clasificación o colocación Estado de daño No para préstamo Colección Biblioteca de origen Biblioteca actual Ubicación en estantería Fecha de adquisición Total de préstamos Signatura topográfica completa Código de barras Visto por última vez Precio de reemplazo Tipo de ítem Koha
    Clasificación decimal universal     Biblioteca profesional Biblioteca del Ateneo de Madrid Biblioteca del Ateneo de Madrid Sala Pardo Bazán 17/01/2008   B-4448 1173814 23/02/2023 23/02/2023 Libro impreso antiguo